Rancid Discography - Statistics

General Stats
  • This quiz has been taken 13 times
  • The average score is 9 of 17
Answer Stats
Type Year Name % Correct
EP 1992 Rancid
100%
Album 1993 Rancid
100%
Album 2000 Rancid
100%
Album 1995 ...And Out Come the Wolves
90%
Album 1994 Let's Go
90%
Album 2003 Indestructible
80%
Album 1998 Life Won't Wait
80%
Album 2017 Trouble Maker
70%
Album 2009 Let the Dominoes Fall
60%
Album 2014 ...Honor Is All We Know
50%
EP 1993 Radio Radio Radio
20%
Compilation 2007 B Sides and C Sides
10%
Split Album 2002 BYO Split Series Volume III
0%
Split Album 2012 East Bay Night/England Belongs to Me (Split 7")
0%
Box Set 2012 Essentials 7" Album Packs
0%
Box Set 2012 Essentials Box Set
0%
Music Video Compilation 2008 The Music Videos: 1993-2003
0%
No matching quizzes found
Score Distribution
Percent of People with Each Score
Percentile by Number Answered
Your Score History
You have not taken this quiz